000 01329nam a2200325 i 4500
003 EG-GICUC
005 20260508172816.0
008 260508s2007 ua ||||fr|||| 00| 0 ara d
017 _a21414/2007
040 _a EG-GICUC
_bara
_c EG-GICUC
_d EG-GICUC
_erda
041 _aara
_hara
082 0 4 _221
_a343.37213
_bع د . م
092 0 4 _221
099 _aLaw1 10 343.37213 ع د . م 2007
100 0 _aعدلي أمير خالد
_eمؤلف.
245 1 2 _aالمأخذ القضائية فى قانون العقوبات :
_bفي ضوء التعديلات المستحدثة في القوانين وأحكام محكمة النقض والدستورية العليا /
_cتأليف عدلي أمير خالد.
264 4 _aلا يوجد مكان نشر محدد :
_bالبدراوى للتوزيع،
_c2007.
300 _a229 صفحة ;
_c24 سم.
336 _2rda content
_atext
337 _2rda media
_aComputer
338 _2rda carrier
_aOnline Resource
504 _aيشتمل على إرجاعات ببليوجرافية.
546 _aالنص باللغة العربية
650 1 _aالقانون الجنائي
650 1 _aموانع القضاء
650 1 _aالمأخد القضائي
856 4 0 _uhttps://fll.law.cu.edu.eg/fulltext/bks/B10-12231.pdf
905 _a43
942 _2ddc
_n0
_cBK
_e21
999 _c76307
_d76307